[Event "UKR-ch sf"]
[Site "Omelnyk"]
[Date "2021.09.29"]
[Round "8"]
[White "Bilovil, Bogdan"]
[Black "Lomakin, Viktor"]
[Result "1-0"]
[WhiteElo "2262"]
[BlackElo "2131"]
[PlyCount "63"]
[EventDate "2021.09.22"]
[EventType "swiss"]
[EventRounds "9"]
[EventCountry "UKR"]
[SourceTitle "CBM 204 Extra"]
[Source "ChessBase"]
[SourceDate "2021.11.30"]
[SourceVersion "1"]
[SourceVersionDate "2021.11.30"]
[SourceQuality "1"]

1. e4 c5 2. Nf3 e6 3. d4 cxd4 4. Nxd4 a6 5. c4 Nf6 6. Nc3 Qc7 7. Be2 Bb4 8. Qd3 d6 9. f3 Nbd7 10. a3 Ne5 11. Qd2 Bxc3 12. Qxc3 Bd7 13. Bf4 Ng6 14. Bg5 h6 15. Bxf6 gxf6 16. Nc2 Ke7 17. 0-0-0 Rac8 18. Rd2 Rhd8 19. Rhd1 Be8 20. Ne3 h5 21. g3 b5 22. f4 Bc6 23. Rd4 Qb7 24. c5 dxc5 25. Qxc5+ Ke8 26. Rxd8+ Rxd8 27. Rxd8+ Kxd8 28. Bxh5 Bxe4 29. Ng4 Bf5 30. Nxf6 Qh1+ 31. Bd1 Qb7 32. h4 1-0

[Event "Lvov Cup"]
[Site "Lvov"]
[Date "2019.08.18"]
[Round "2"]
[White "Lomakin, Viktor"]
[Black "Kislinsky, Alexey"]
[Result "0-1"]
[WhiteElo "2141"]
[BlackElo "2448"]
[PlyCount "44"]
[EventDate "2019.08.18"]
[EventType "swiss"]
[EventRounds "9"]
[EventCountry "UKR"]
[SourceTitle "EXT 2020"]
[Source "ChessBase"]
[SourceDate "2019.10.17"]
[SourceVersion "1"]
[SourceVersionDate "2019.10.17"]
[SourceQuality "1"]

1. d4 Nf6 2. c4 c5 3. d5 b5 4. cxb5 a6 5. bxa6 g6 6. Nc3 Bxa6 7. Nf3 Bg7 8. g3 d6 9. Bg2 Nbd7 10. Rb1 0-0 11. 0-0 Qa5 12. Bd2 Rfb8 13. a4 Qd8 14. b3 Nb6 15. Nh4 Bb7 16. Bc1 Qc8 17. e4 Ba6 18. Ne2 Nxa4 19. Bd2 Bd3 20. f3 Bxb1 21. Qxb1 Qb7 22. Nc1 c4 0-1

[Event "Krakow op-A 29th"]
[Site "Krakow"]
[Date "2018.12.31"]
[Round "6"]
[White "Popiol, Michal"]
[Black "Lomakin, Viktor"]
[Result "1-0"]
[WhiteElo "2169"]
[BlackElo "2106"]
[PlyCount "115"]
[EventDate "2018.12.27"]
[EventType "swiss"]
[EventRounds "9"]
[EventCountry "POL"]
[SourceTitle "CBM 189 Extra"]
[Source "ChessBase"]
[SourceDate "2019.05.31"]
[SourceVersion "1"]
[SourceVersionDate "2019.05.31"]
[SourceQuality "1"]

1. d4 Nf6 2. c4 e6 3. Nf3 c5 4. d5 exd5 5. cxd5 Bd6 6. Nc3 Bc7 7. e3 d6 8. Be2 a6 9. a4 Nbd7 10. 0-0 0-0 11. b3 Re8 12. Qc2 Nf8 13. Rd1 Rb8 14. Ba3 Ba5 15. Na2 Bg4 16. b4 cxb4 17. Bxb4 Bxb4 18. Nxb4 Qa5 19. Rd4 Rec8 20. Qb2 N8d7 21. h3 Bxf3 22. Bxf3 Nc5 23. g4 Re8 24. Qb1 Nfd7 25. Bg2 Rbc8 26. Ra3 Rc7 27. Kh2 Nb6 28. Nd3 Nxd3 29. Qxd3 Nd7 30. Qf5 Re5 31. Qb1 Nc5 32. Qb4 Qxb4 33. Rxb4 f6 34. a5 Kf8 35. Kg3 Ke8 36. Ra1 Ree7 37. Rab1 Kd7 38. Rb6 Re8 39. Bf3 Ke7 40. R1b4 Ra8 41. Rb1 Ra7 42. h4 Nd7 43. R6b4 Nc5 44. Rb6 Ra8 45. R6b4 Rf8 46. Be4 g6 47. Bg2 Ke8 48. Rh1 h6 49. Rb6 Ke7 50. g5 Nd7 51. gxf6+ Rxf6 52. Rb4 Nc5 53. Rd1 Kd8 54. e4 Rcf7 55. f3 Ke8 56. Rc4 Rf4 57. Rdc1 Kf8 58. e5 1-0

[Event "Pardubice Czech op-A 29th"]
[Site "Pardubice"]
[Date "2018.07.22"]
[Round "3"]
[White "Lomakin, Viktor"]
[Black "Mencinger, Vojko"]
[Result "0-1"]
[WhiteElo "2167"]
[BlackElo "2342"]
[PlyCount "90"]
[EventDate "2018.07.20"]
[EventType "swiss"]
[EventRounds "9"]
[EventCountry "CZE"]
[SourceTitle "CBM 185 Extra"]
[Source "ChessBase"]
[SourceDate "2018.07.29"]
[SourceVersion "1"]
[SourceVersionDate "2018.07.29"]
[SourceQuality "1"]

1. d4 Nf6 2. Nf3 g6 3. c4 Bg7 4. Nc3 d5 5. e3 0-0 6. Qb3 c6 7. Bd2 a5 8. cxd5 cxd5 9. Ne5 Nc6 10. Nxc6 bxc6 11. Bd3 Ba6 12. Bxa6 Rxa6 13. 0-0 Qd6 14. Qa3 Qxa3 15. bxa3 c5 16. Rab1 cxd4 17. exd4 e6 18. Rfc1 h6 19. Nb5 Ne4 20. Bf4 g5 21. Be3 Rb8 22. a4 Rab6 23. Rb3 Bf8 24. h4 f6 25. hxg5 hxg5 26. f4 g4 27. f5 Ng3 28. Rc2 Nxf5 29. Bf4 Ra8 30. Rbc3 Nxd4 31. Nxd4 e5 32. Be3 exd4 33. Bxd4 Rb1+ 34. Kf2 Rb4 35. Rd3 Rxa4 36. Rc6 Be7 37. Re3 Kf7 38. Bb6 Rxa2+ 39. Kg1 Rb2 40. Kh2 a4 41. Rce6 Re8 42. Bd4 Rb3 43. Rxb3 axb3 44. Rb6 Rc8 45. Rxb3 Rc4 0-1

[Event "Krakow op-A 28th"]
[Site "Krakow"]
[Date "2018.01.04"]
[Round "9"]
[White "Toma, Katarzyna"]
[Black "Lomakin, Viktor"]
[Result "1-0"]
[WhiteElo "2252"]
[BlackElo "2151"]
[PlyCount "87"]
[EventDate "2017.12.27"]
[EventType "swiss"]
[EventRounds "9"]
[EventCountry "POL"]
[SourceTitle "CBM 182 Extra"]
[Source "ChessBase"]
[SourceDate "2018.02.23"]
[SourceVersion "1"]
[SourceVersionDate "2018.02.23"]
[SourceQuality "1"]

1. e4 c5 2. Nf3 e6 3. d4 cxd4 4. Nxd4 Qb6 5. Nb3 Qc7 6. Nc3 a6 7. a4 Nc6 8. Bd3 Nf6 9. 0-0 Be7 10. f4 d6 11. Be3 b6 12. Qf3 Bb7 13. Qg3 0-0 14. Rae1 Nb4 15. f5 exf5 16. Rxf5 Nxd3 17. cxd3 Qd8 18. Bd4 Bc8 19. Rg5 g6 20. Rf1 Be6 21. Nd2 Nd7 22. Rh5 Ne5 23. Nd5 Bxd5 24. exd5 Bf6 25. Rh3 Bg7 26. Kh1 f5 27. Nc4 Nxc4 28. Bxg7 Kxg7 29. dxc4 Re8 30. Rxf5 Ra7 31. Qc3+ Kg8 32. Rf1 Rae7 33. Rhf3 Re5 34. Rf7 Qh4 35. h3 Qe4 36. Rd7 Rf8 37. Rxf8+ Kxf8 38. Rxd6 Qf4 39. Rxb6 Qf1+ 40. Kh2 Qf4+ 41. Qg3 Qd4 42. Rxa6 Kg7 43. Re6 Rf5 44. Qc3 1-0

[Event "Krakow op-A 28th"]
[Site "Krakow"]
[Date "2018.01.03"]
[Round "8"]
[White "Lomakin, Viktor"]
[Black "Luczak, Filip"]
[Result "1-0"]
[WhiteElo "2151"]
[BlackElo "2069"]
[PlyCount "119"]
[EventDate "2017.12.27"]
[EventType "swiss"]
[EventRounds "9"]
[EventCountry "POL"]
[SourceTitle "CBM 182 Extra"]
[Source "ChessBase"]
[SourceDate "2018.02.23"]
[SourceVersion "1"]
[SourceVersionDate "2018.02.23"]
[SourceQuality "1"]

1. d4 Nf6 2. Nf3 e6 3. e3 d5 4. Bd3 c5 5. b3 Nc6 6. Bb2 cxd4 7. exd4 Bd6 8. 0-0 Qc7 9. a3 Ne4 10. c4 0-0 11. Nc3 Nxc3 12. Bxc3 dxc4 13. bxc4 b6 14. Qc2 h6 15. Qb2 f6 16. Rfe1 Nd8 17. Bb4 Bb7 18. c5 Bf4 19. cxb6 Qxb6 20. Qe2 Bd6 21. Rab1 Bxb4 22. Rxb4 Qd6 23. Rxb7 Nxb7 24. Qe4 f5 25. Qxb7 Rfb8 26. Qa6 Qxa6 27. Bxa6 Rb6 28. Bc4 Kf8 29. Bxe6 Ra6 30. d5 Rxa3 31. Ne5 Ke7 32. Nc4 Rc3 33. d6+ Kf6 34. d7 Rd8 35. Na5 Rc7 36. f4 g6 37. Re5 Rb8 38. h3 h5 39. Rd5 Rd8 40. Rd6 Ke7 41. Ra6 Rf8 42. Kf2 Rc2+ 43. Kg3 h4+ 44. Kh2 Rc7 45. Nc6+ Kxe6 46. d8Q Rxd8 47. Nxd8+ Kd5 48. Rxg6 Ke4 49. Ra6 Rd7 50. Nc6 Kxf4 51. Rxa7 Rd6 52. Ra4+ Kg5 53. Ne5 f4 54. Nf3+ Kf5 55. Nxh4+ Ke5 56. Nf3+ Kf5 57. h4 Kg4 58. Ra5 Rd5 59. Ne5+ Rxe5 60. Rxe5 1-0

[Event "Krakow op-A 28th"]
[Site "Krakow"]
[Date "2017.12.30"]
[Round "5"]
[White "Karas, Marek"]
[Black "Lomakin, Viktor"]
[Result "1/2-1/2"]
[WhiteElo "2240"]
[BlackElo "2151"]
[PlyCount "172"]
[EventDate "2017.12.27"]
[EventType "swiss"]
[EventRounds "9"]
[EventCountry "POL"]
[SourceTitle "CBM 182 Extra"]
[Source "ChessBase"]
[SourceDate "2018.02.23"]
[SourceVersion "1"]
[SourceVersionDate "2018.02.23"]
[SourceQuality "1"]

1. d4 Nf6 2. Nf3 e6 3. Bf4 b6 4. e3 Bb7 5. Nbd2 d6 6. a4 a5 7. Bd3 Nbd7 8. Qe2 Nd5 9. Bg5 Be7 10. Bxe7 Qxe7 11. c3 0-0 12. Bb5 N7f6 13. g3 Nd7 14. e4 N5f6 15. 0-0 Rfd8 16. Rfe1 Nf8 17. Nh4 Ng6 18. Ng2 c6 19. Bd3 e5 20. Ne3 Qc7 21. h4 h6 22. Qf3 Ne7 23. Rad1 Rf8 24. Bc2 Rad8 25. Bb3 Bc8 26. Ndf1 d5 27. Nd2 exd4 28. cxd4 dxe4 29. Nxe4 Ned5 30. Rc1 Qd7 31. Nxf6+ Nxf6 32. Qxc6 Qxc6 33. Rxc6 Rxd4 34. Rxb6 Re8 35. Rd1 Rde4 36. Bc4 Ng4 37. Bb5 Nxe3 38. fxe3 Rf8 39. Kf2 Rb4 40. Rd2 Be6 41. Rbd6 Kh7 42. R6d4 Rb3 43. R4d3 Rb4 44. Rc3 g5 45. hxg5 hxg5 46. Rc5 g4 47. Bd3+ Kg7 48. Rxa5 Rh8 49. Bf1 Rh2+ 50. Bg2 Rh8 51. Ra8 Rxa8 52. Bxa8 Rxa4 53. Bg2 Kf6 54. Rd4 Ra2 55. Rb4 Ke5 56. Rb5+ Kd6 57. Bf1 Ra1 58. Be2 Rh1 59. Rb4 Rb1 60. Rd4+ Ke5 61. b4 f5 62. b5 Rb3 63. Rd8 Bd5 64. Rc8 Be4 65. Re8+ Kd5 66. Ra8 Rb2 67. Rd8+ Kc5 68. Ke1 Rb1+ 69. Rd1 Rb2 70. Rc1+ Kd6 71. Rd1+ Kc5 72. Rd2 Rb1+ 73. Kf2 Rb4 74. Ra2 Kd6 75. Ke1 Rb1+ 76. Kf2 Rb4 77. Rd2+ Ke5 78. Rd4 Rb2 79. Ke1 Rb1+ 80. Kd2 Rb2+ 81. Ke1 Rb1+ 82. Rd1 Rb2 83. Rd2 Rb1+ 84. Kf2 Rb4 85. Bf1 Rb1 86. Bc4 Rb4 1/2-1/2

[Event "Krakow op-A 28th"]
[Site "Krakow"]
[Date "2017.12.29"]
[Round "3"]
[White "Dietmayer Kraeutler, Marco"]
[Black "Lomakin, Viktor"]
[Result "1-0"]
[WhiteElo "2328"]
[BlackElo "2151"]
[PlyCount "69"]
[EventDate "2017.12.27"]
[EventType "swiss"]
[EventRounds "9"]
[EventCountry "POL"]
[SourceTitle "CBM 182 Extra"]
[Source "ChessBase"]
[SourceDate "2018.02.23"]
[SourceVersion "1"]
[SourceVersionDate "2018.02.23"]
[SourceQuality "1"]

1. d4 Nf6 2. c4 e6 3. Nc3 d5 4. Nf3 Nbd7 5. Bg5 Be7 6. e3 0-0 7. cxd5 exd5 8. Bd3 c6 9. 0-0 Re8 10. Rb1 Nf8 11. b4 a6 12. a4 a5 13. b5 Ne6 14. Bh4 Nd7 15. Bg3 Ndf8 16. Ne5 Bd7 17. Qc2 f6 18. bxc6 bxc6 19. Nxd7 Qxd7 20. Rb6 Bd6 21. Bxd6 Qxd6 22. Nb5 Qd8 23. Rxc6 Qe7 24. Qa2 Red8 25. Rfc1 Kh8 26. h3 Rab8 27. Qd2 Ra8 28. Nc7 Nxc7 29. Rxc7 Qa3 30. Qd1 Ne6 31. R7c3 Qb4 32. Qh5 Nf8 33. Rc7 Qxa4 34. Rf7 h6 35. Qf5 1-0

[Event "Krakow op-A 28th"]
[Site "Krakow"]
[Date "2017.12.28"]
[Round "2"]
[White "Eliseev, Evgeniy1"]
[Black "Lomakin, Viktor"]
[Result "0-1"]
[WhiteElo "2399"]
[BlackElo "2151"]
[PlyCount "98"]
[EventDate "2017.12.27"]
[EventType "swiss"]
[EventRounds "9"]
[EventCountry "POL"]
[SourceTitle "CBM 182 Extra"]
[Source "ChessBase"]
[SourceDate "2018.02.23"]
[SourceVersion "1"]
[SourceVersionDate "2018.02.23"]
[SourceQuality "1"]

1. d4 Nf6 2. c4 e6 3. Nc3 d5 4. Nf3 Nbd7 5. Bg5 Be7 6. e3 0-0 7. Qc2 a6 8. c5 c6 9. Be2 e5 10. 0-0 e4 11. Nd2 Ne8 12. Bxe7 Qxe7 13. f4 f5 14. b4 Nc7 15. Qb3 Kh8 16. Kh1 g5 17. g3 gxf4 18. gxf4 Nf6 19. Rg1 Ng4 20. Bxg4 fxg4 21. Rg2 Be6 22. a4 Ne8 23. Nf1 Ng7 24. Rga2 Nf5 25. b5 h5 26. Qd1 Rg8 27. bxc6 bxc6 28. Rb1 Qh4 29. Rg2 Rg7 30. Ne2 Qf6 31. Neg3 Qg6 32. Nxf5 Bxf5 33. Qe1 Qf6 34. Ng3 Bg6 35. f5 Bf7 36. Rb6 h4 37. Ne2 g3 38. Nf4 Rag8 39. Rxa6 Rg4 40. Qe2 Rxf4 41. exf4 Qxf5 42. Rxc6 Qxf4 43. hxg3 hxg3 44. Kg1 Rg7 45. Qd2 e3 46. Qd3 Rh7 47. Rc8+ Kg7 48. Qc2 Rh1+ 49. Kxh1 Qf1+ 0-1

[Event "Krakow op-A 28th"]
[Site "Krakow"]
[Date "2017.12.27"]
[Round "1"]
[White "Lomakin, Viktor"]
[Black "Szustakowski, Antoni"]
[Result "0-1"]
[WhiteElo "2151"]
[BlackElo "2376"]
[PlyCount "104"]
[EventDate "2017.12.27"]
[EventType "swiss"]
[EventRounds "9"]
[EventCountry "POL"]
[SourceTitle "CBM 182 Extra"]
[Source "ChessBase"]
[SourceDate "2018.02.23"]
[SourceVersion "1"]
[SourceVersionDate "2018.02.23"]
[SourceQuality "1"]

1. d4 e6 2. Nf3 Nf6 3. e3 b6 4. Bd3 Bb7 5. 0-0 c5 6. c4 Be7 7. Nc3 d5 8. cxd5 exd5 9. Bb5+ Kf8 10. Ne5 a6 11. Be2 Nc6 12. b3 Nxe5 13. dxe5 Ne4 14. Bb2 Nxc3 15. Bxc3 Qc7 16. Qc2 d4 17. Bxd4 h5 18. Bc3 Rh6 19. f4 h4 20. h3 Rg6 21. Bf3 Kg8 22. Rad1 Rg3 23. Qe2 Bxf3 24. Rxf3 Rxf3 25. Qxf3 Rd8 26. e4 c4 27. b4 a5 28. a3 axb4 29. axb4 Qa7 30. Rxd8+ Bxd8 31. Qe3 Qa3 32. Qd2 Be7 33. Kh2 Bf8 34. f5 b5 35. f6 g6 36. e6 fxe6 37. e5 Qa7 38. Qg5 Qh7 39. Qg4 Kf7 40. Qd4 Kg8 41. Bd2 Qh5 42. Be1 Qf5 43. Bd2 g5 44. Qc3 Kf7 45. Kh1 Kg6 46. Kh2 Qe4 47. Bc1 Qd3 48. Qe1 Qg3+ 49. Qxg3 hxg3+ 50. Kxg3 Bxb4 51. Kf3 Bc3 52. Ke4 b4 0-1

[Event "Mukachevo Summer op"]
[Site "Mukachevo"]
[Date "2017.07.06"]
[Round "5"]
[White "Lomakin, Viktor"]
[Black "Bakhmatsky, Vladislav"]
[Result "0-1"]
[WhiteElo "2198"]
[BlackElo "2426"]
[PlyCount "96"]
[EventDate "2017.07.04"]
[EventType "swiss"]
[EventRounds "9"]
[EventCountry "UKR"]
[SourceTitle "CBM 179 Extra"]
[Source "ChessBase"]
[SourceDate "2017.08.23"]
[SourceVersion "1"]
[SourceVersionDate "2017.08.23"]
[SourceQuality "1"]

1. d4 Nf6 2. Nf3 g6 3. c4 Bg7 4. Nc3 d5 5. e3 0-0 6. Qb3 e6 7. Bd2 b6 8. cxd5 exd5 9. Be2 Bb7 10. 0-0 Nbd7 11. Rfd1 Re8 12. a4 a5 13. Rac1 c6 14. Ne1 Bf8 15. Nd3 Ba6 16. Nf4 Bb7 17. Nd3 Ba6 18. Nf4 Bxe2 19. Ncxe2 Rc8 20. Rc2 Rc7 21. Be1 Bd6 22. Rdc1 Qa8 23. h3 Rec8 24. Nc3 Qa6 25. Na2 Nf8 26. Qd3 Qb7 27. b4 axb4 28. Nxb4 Bxf4 29. exf4 c5 30. dxc5 bxc5 31. Qa6 Ne6 32. f5 gxf5 33. Qxb7 Rxb7 34. Rd1 d4 35. Rdc1 Ra8 36. Nd3 Nd7 37. a5 Rb3 38. Rd1 Rc8 39. Rc4 f4 40. Ra4 c4 41. Nb4 c3 42. Nd5 Ra8 43. Ne7+ Kf8 44. Nc6 c2 45. Rc1 d3 46. Rc4 Rb1 47. Bd2 Ndc5 48. Rb4 Nb3 0-1

[Event "Pardubice Czech op-A 27th"]
[Site "Pardubice"]
[Date "2016.07.24"]
[Round "3"]
[White "Ladva, Ottomar"]
[Black "Lomakin, Viktor"]
[Result "1-0"]
[WhiteElo "2443"]
[BlackElo "2173"]
[PlyCount "63"]
[EventDate "2016.07.22"]
[EventType "swiss"]
[EventRounds "9"]
[EventCountry "CZE"]
[SourceTitle "CBM 173 Extra"]
[Source "ChessBase"]
[SourceDate "2016.08.29"]
[SourceVersion "1"]
[SourceVersionDate "2016.08.29"]
[SourceQuality "1"]

1. d4 Nf6 2. c4 e6 3. Nf3 d5 4. Nc3 Nbd7 5. Bg5 Be7 6. Qc2 0-0 7. Rd1 a6 8. e3 c6 9. a3 Re8 10. Bd3 h6 11. Bh4 dxc4 12. Bxc4 b5 13. Ba2 Qb6 14. e4 g5 15. Bg3 Bf8 16. e5 Nh5 17. Bb1 Bg7 18. Ne4 Nf8 19. h4 Nxg3 20. Nxg3 g4 21. Nh2 Rd8 22. Qe4 Qa5+ 23. Ke2 f5 24. exf6 Bxf6 25. Nxg4 Bg7 26. Nh5 Ra7 27. Qf4 e5 28. Ngf6+ Kh8 29. dxe5 Rxd1 30. Rxd1 Be6 31. Nxg7 Kxg7 32. Nh5+ 1-0

[Event "Krakow op-A 26th"]
[Site "Krakow"]
[Date "2015.12.29"]
[Round "3"]
[White "Lomakin, Viktor"]
[Black "Delega, Tomasz"]
[Result "0-1"]
[WhiteElo "2195"]
[BlackElo "2031"]
[PlyCount "81"]
[EventDate "2015.12.27"]
[EventType "swiss"]
[EventRounds "9"]
[EventCountry "POL"]
[SourceTitle "CBM 170 Extra"]
[Source "ChessBase"]
[SourceDate "2016.02.25"]
[SourceVersion "1"]
[SourceVersionDate "2016.02.25"]
[SourceQuality "1"]

1. d4 c5 2. d5 d6 3. c4 e5 4. e4 Be7 5. Nf3 Bg4 6. Nc3 Bxf3 7. Qxf3 Bg5 8. Bxg5 Qxg5 9. Nb5 Qd8 10. Qg4 g6 11. Bd3 a6 12. Nc3 Nd7 13. 0-0 Ngf6 14. Qe2 0-0 15. a3 Nh5 16. g3 Ng7 17. f3 f5 18. exf5 gxf5 19. Bc2 Qf6 20. Kh1 Kh8 21. Rac1 Qh6 22. Rg1 Nh5 23. Qe1 Rf7 24. g4 fxg4 25. fxg4 Nf4 26. g5 Qh5 27. Qd1 Qxd1 28. Rgxd1 Nf8 29. Rf1 Rg7 30. Ne4 Rd8 31. b4 b5 32. bxc5 dxc5 33. cxb5 axb5 34. d6 N8e6 35. h4 h6 36. g6 Rxg6 37. Rg1 Rxg1+ 38. Rxg1 Nd4 39. Bd1 c4 40. Bg4 h5 41. Bd1 0-1

[Event "Pardubice Czech op-A 25th"]
[Site "Pardubice"]
[Date "2014.07.18"]
[Round "1"]
[White "Nagy, Gabor"]
[Black "Lomakin, Viktor"]
[Result "1-0"]
[WhiteElo "2434"]
[BlackElo "2216"]
[PlyCount "65"]
[EventDate "2014.07.18"]
[EventType "swiss"]
[EventRounds "9"]
[EventCountry "CZE"]
[SourceTitle "CBM 161 Extra"]
[Source "ChessBase"]
[SourceDate "2014.08.29"]
[SourceVersion "1"]
[SourceVersionDate "2014.08.29"]
[SourceQuality "1"]

1. Nf3 c5 2. c4 Nf6 3. Nc3 e6 4. g3 b6 5. Bg2 Bb7 6. 0-0 Be7 7. Re1 a6 8. e4 d6 9. d4 cxd4 10. Nxd4 Qc7 11. g4 0-0 12. Be3 Re8 13. Rc1 Bf8 14. g5 Nfd7 15. b3 Nc6 16. Nde2 Rac8 17. Ng3 Qb8 18. h4 Ba8 19. Qe2 g6 20. Red1 Na5 21. Nf1 Rc7 22. Nh2 Rec8 23. Ng4 Be7 24. Nh6+ Kg7 25. f4 f6 26. Bh3 Nf8 27. gxf6+ Bxf6 28. Ng4 Be7 29. Bd4+ Kf7 30. f5 e5 31. Be3 Nd7 32. Rf1 Kg7 33. f6+ 1-0

[Event "Krakow op-A 24th"]
[Site "Krakow"]
[Date "2014.01.03"]
[Round "8"]
[White "Hnydiuk, Aleksander"]
[Black "Lomakin, Viktor"]
[Result "1/2-1/2"]
[WhiteElo "2399"]
[BlackElo "2209"]
[PlyCount "100"]
[EventDate "2013.12.27"]
[EventType "swiss"]
[EventRounds "9"]
[EventCountry "POL"]
[SourceTitle "CBM 158 Extra"]
[Source "ChessBase"]
[SourceDate "2014.02.28"]
[SourceVersion "1"]
[SourceVersionDate "2014.02.28"]
[SourceQuality "1"]

1. e4 c5 2. Nf3 e6 3. g3 Nc6 4. Bg2 Nf6 5. Qe2 d5 6. exd5 Nxd5 7. 0-0 Be7 8. Rd1 0-0 9. d4 cxd4 10. Nxd4 Qc7 11. Nxc6 bxc6 12. c4 Nf6 13. Bf4 Qb6 14. Nc3 Bb7 15. Bd6 Bxd6 16. Rxd6 Rad8 17. Rad1 Rxd6 18. Rxd6 Qb4 19. Rd2 Ba6 20. Bxc6 Bxc4 21. Rd4 Qxc3 22. Rxc4 Qa5 23. Ra4 Qc7 24. Bf3 Rd8 25. Qe3 Rd7 26. Rd4 h6 27. Rxd7 Nxd7 28. h3 Nb6 29. Kg2 Qd6 30. Qc3 g6 31. Qa5 Qc7 32. b3 e5 33. a4 Qe7 34. Qd2 e4 35. Be2 Kh7 36. a5 Nc8 37. b4 Nd6 38. b5 Nf5 39. Qd5 e3 40. f4 Qc7 41. Kf3 Kg8 42. g4 Nh4+ 43. Kxe3 Qxa5 44. Bc4 Qc3+ 45. Ke4 Qf3+ 46. Ke5 Qe3+ 47. Kd6 Qxf4+ 48. Ke7 Qc7+ 49. Kf6 Qf4+ 50. Ke7 Qc7+ 1/2-1/2

[Event "Krakow op-A 24th"]
[Site "Krakow"]
[Date "2014.01.02"]
[Round "7"]
[White "Lomakin, Viktor"]
[Black "Mika, Tomasz"]
[Result "1-0"]
[WhiteElo "2209"]
[BlackElo "1965"]
[PlyCount "87"]
[EventDate "2013.12.27"]
[EventType "swiss"]
[EventRounds "9"]
[EventCountry "POL"]
[SourceTitle "CBM 158 Extra"]
[Source "ChessBase"]
[SourceDate "2014.02.28"]
[SourceVersion "1"]
[SourceVersionDate "2014.02.28"]
[SourceQuality "1"]

1. d4 Nf6 2. c4 g6 3. Nc3 Bg7 4. e4 d6 5. Nf3 0-0 6. Be2 e5 7. 0-0 Nc6 8. d5 Ne7 9. b4 Nh5 10. Re1 Nf4 11. Bf1 h6 12. a4 g5 13. Nd2 f5 14. g3 Nfg6 15. Ba3 f4 16. Be2 c6 17. a5 Bd7 18. Rc1 cxd5 19. cxd5 a6 20. Na4 Nc8 21. Bg4 Bb5 22. Nc4 fxg3 23. hxg3 Qf6 24. f3 Be8 25. Nab6 Nxb6 26. Nxb6 Rd8 27. Rc3 Ne7 28. Bc1 h5 29. Be6+ Kh8 30. Qd2 Bh6 31. Re2 Ng8 32. Qe1 Ne7 33. Rh2 Kg7 34. Qd1 Bg6 35. Nd7 Rxd7 36. Bxd7 Kh8 37. Qe2 Bf7 38. Rf2 Ng6 39. Bf5 Ne7 40. Bh3 Ng6 41. Qc2 Ne7 42. Rc7 Bg6 43. Be6 Rb8 44. Be3 1-0

[Event "Krakow op-A 24th"]
[Site "Krakow"]
[Date "2013.12.29"]
[Round "4"]
[White "Adamowicz, Katarzyna"]
[Black "Lomakin, Viktor"]
[Result "1-0"]
[WhiteElo "2094"]
[BlackElo "2209"]
[PlyCount "57"]
[EventDate "2013.12.27"]
[EventType "swiss"]
[EventRounds "9"]
[EventCountry "POL"]
[SourceTitle "CBM 158 Extra"]
[Source "ChessBase"]
[SourceDate "2014.02.28"]
[SourceVersion "1"]
[SourceVersionDate "2014.02.28"]
[SourceQuality "1"]

1. e4 c5 2. Nf3 e6 3. d4 cxd4 4. Nxd4 a6 5. Bd3 Bc5 6. Nb3 Be7 7. Nc3 d6 8. f4 Nd7 9. Qf3 Ngf6 10. Be3 Qc7 11. 0-0 0-0 12. g4 h6 13. h4 Nh7 14. g5 g6 15. h5 hxg5 16. hxg6 fxg6 17. Qh3 Ndf6 18. e5 dxe5 19. fxg5 Nd5 20. Bxg6 Bb4 21. Ne4 Qg7 22. Qh5 Be7 23. c4 Nf4 24. Rxf4 exf4 25. Bd4 Nf6 26. gxf6 Bxf6 27. Nxf6+ Rxf6 28. Bxf6 Qxf6 29. Rd1 1-0

[Event "Krakow op-A 24th"]
[Site "Krakow"]
[Date "2013.12.29"]
[Round "3"]
[White "Lomakin, Viktor"]
[Black "Liberadzki, Slawomir"]
[Result "1-0"]
[WhiteElo "2209"]
[BlackElo "2105"]
[PlyCount "59"]
[EventDate "2013.12.27"]
[EventType "swiss"]
[EventRounds "9"]
[EventCountry "POL"]
[SourceTitle "CBM 158 Extra"]
[Source "ChessBase"]
[SourceDate "2014.02.28"]
[SourceVersion "1"]
[SourceVersionDate "2014.02.28"]
[SourceQuality "1"]

1. d4 d5 2. c4 e6 3. Nf3 Nf6 4. e3 Be7 5. Bd3 0-0 6. 0-0 b6 7. Nc3 Bb7 8. b3 c5 9. Bb2 Nc6 10. cxd5 Nxd5 11. Qb1 h6 12. Nxd5 exd5 13. Rd1 cxd4 14. Nxd4 Nxd4 15. Bxd4 Bf6 16. Bh7+ Kh8 17. Bf5 Qd6 18. Qb2 Bxd4 19. Qxd4 Rfd8 20. Rac1 Bc8 21. Bd3 Be6 22. f4 Rac8 23. f5 Rxc1 24. Rxc1 Bc8 25. Rd1 f6 26. g4 Qe7 27. Bc4 Re8 28. Bxd5 Qxe3+ 29. Qxe3 Rxe3 30. Bf7 1-0

[Event "Yuzhny op"]
[Site "Yuzhny"]
[Date "2011.09.07"]
[Round "8"]
[White "Lomakin, Viktor"]
[Black "Taranenko, Evgueniy"]
[Result "1-0"]
[WhiteElo "2112"]
[BlackElo "1934"]
[PlyCount "89"]
[EventDate "2011.09.03"]
[EventType "swiss"]
[EventRounds "9"]
[EventCountry "UKR"]
[SourceTitle "CBM 144 Extra"]
[Source "ChessBase"]
[SourceDate "2011.10.28"]
[SourceVersion "1"]
[SourceVersionDate "2011.10.28"]
[SourceQuality "1"]

1. d4 Nc6 2. d5 Ne5 3. e4 e6 4. dxe6 dxe6 5. Qxd8+ Kxd8 6. f4 Ng6 7. Bd3 Nf6 8. Nf3 Bc5 9. Nc3 Bd7 10. e5 Nd5 11. Nxd5 exd5 12. Bd2 Ne7 13. 0-0-0 Nf5 14. Rde1 h6 15. c3 d4 16. g4 dxc3 17. bxc3 Ne7 18. f5 Bc6 19. Rhf1 Nd5 20. e6 fxe6 21. Ne5 Be8 22. fxe6 Rf8 23. g5 hxg5 24. Bxg5+ Nf6 25. Bg6 Be7 26. Rd1+ Kc8 27. h4 Bd6 28. Nf7 Ba3+ 29. Kb1 Bb5 30. Rf4 Be2 31. Re1 Bh5 32. Bxh5 Nxh5 33. Rd4 b6 34. Rd7 Re8 35. Bd8 Bd6 36. Bg5 Bg3 37. Re4 Kb7 38. e7 Rac8 39. Rd3 Bh2 40. Rd8 Nf6 41. Bxf6 gxf6 42. Re6 Bd6 43. Rxe8 Rxe8 44. Rxd6 Rxe7 45. Rxf6 1-0

[Event "Yuzhny op"]
[Site "Yuzhny"]
[Date "2011.09.07"]
[Round "7"]
[White "Rakhmangulova, Anastasiya"]
[Black "Lomakin, Viktor"]
[Result "1-0"]
[WhiteElo "2207"]
[BlackElo "2112"]
[PlyCount "113"]
[EventDate "2011.09.03"]
[EventType "swiss"]
[EventRounds "9"]
[EventCountry "UKR"]
[SourceTitle "CBM 144 Extra"]
[Source "ChessBase"]
[SourceDate "2011.10.28"]
[SourceVersion "1"]
[SourceVersionDate "2011.10.28"]
[SourceQuality "1"]

1. e4 c5 2. Nf3 e6 3. d4 cxd4 4. Nxd4 a6 5. Nc3 Qc7 6. Be3 Bb4 7. Qd2 Nf6 8. f3 d5 9. Bd3 e5 10. Nde2 d4 11. Nxd4 exd4 12. Bxd4 Nc6 13. Be3 Be6 14. a3 Qa5 15. 0-0 Bc5 16. b4 Bxe3+ 17. Qxe3 Qe5 18. Ne2 g5 19. c4 Rd8 20. Rad1 Nd4 21. Nc3 Nf5 22. Qc1 Qd4+ 23. Rf2 Ne3 24. Ne2 Qa7 25. Rd2 Neg4 26. fxg4 Nxg4 27. c5 Nxf2 28. Kxf2 Qb8 29. Qc3 Ke7 30. g3 f6 31. Nd4 Qe5 32. Bc4 Bd7 33. Bd5 Rb8 34. Kg2 Rhe8 35. Rf2 Kf8 36. Qd2 h6 37. Nf3 Qe7 38. Nxg5 Kg7 39. Nf7 Be6 40. Nxh6 Rh8 41. Nf5+ Bxf5 42. Rxf5 Rbf8 43. Qf4 Rh6 44. h4 Qd7 45. h5 Qb5 46. Qf3 Qd7 47. e5 Qe7 48. Qf4 Kh7 49. Be4 Kg7 50. exf6+ Rfxf6 51. Rg5+ Kh8 52. Qg4 Rf8 53. Bd5 Qe2+ 54. Kh3 Qe8 55. Qd4+ Rhf6 56. Rg8+ Kh7 57. Qxf6 1-0